[Event "1. Bundesliga 2014/2015"]
[Site "Feffernitz, St. Veit/Glan, Mayrhofen"]
[Date "2015.03.21"]
[Round "11"]
[Board "3"]
[White "Abel, Dennes"]
[Black "Schlosser, Philipp"]
[Result "0-1"]
[WhiteElo "2435"]
[BlackElo "2571"]
[PlyCount "170"]
[EventDate "2014.11.20"]
[EventType "team"]
[EventRounds "11"]
[EventCountry "AUT"]
[WhiteTeam "ASVOE Wulkaprodersdorf"]
[BlackTeam "Sparkasse Jenbach"]

1.d4 Nf6 2.c4 e6 3.Nf3 d5 4.Nc3 Nbd7 5.Bg5 c6 6.e3 Qa5 7.Nd2 dxc4 8.Bxf6 Nxf6 9.Nxc4
Qc7 10.Rc1 Be7 11.Be2 O-O 12.O-O Rd8 13.Qb3 Bd7 14.Bf3 Be8 15.Rfd1 Rac8 16.a4 b5 17.Nd2
Qb6 18.g3 c5 19.dxc5 Rxc5 20.axb5 Bxb5 21.Nf1 Be8 22.Qxb6 axb6 23.Rxd8 Bxd8 24.Ra1
Ra5 25.Rxa5 bxa5 26.Nd2 Kf8 27.Kf1 Nd7 28.Bc6 Nb6 29.Bxe8 Kxe8 30.b3 Kd7 31.Ke2 Kc6
32.Kd3 Kc5 33.Kc2 f5 34.Ne2 g5 35.Nc1 Kd5 36.Kd3 Nd7 37.h3 h5 38.Na2 Ne5+ 39.Kc2 g4
40.h4 Kc5 41.Nc1 Ng6 42.Nd3+ Kd5 43.b4 e5 44.bxa5 Bxa5 45.Nb3 Bb6 46.Kc3 f4 47.Nb4+
Ke6 48.Kd3 fxg3 49.fxg3 Ne7 50.Na6 Nf5 51.Nac5+ Ke7 52.Ne4 Bxe3 53.Na5 Ke6 54.Nc4
Bh6 55.Nc5+ Kd5 56.Ne4 Bg7 57.Nb6+ Ke6 58.Nc4 Bf6 59.Ne3 Nd4 60.Nc5+ Kf7 61.Ne4 Be7
62.Nd5 Ke6 63.Ne3 Nc6 64.Nc2 Bd8 65.Nc5+ Kf5 66.Ne4 Bb6 67.Nd6+ Kg6 68.Ne4 Ba7 69.Nd6
Ne7 70.Ne4 Nd5 71.Na3 Kf5 72.Nd6+ Ke6 73.Nab5 Bf2 74.Ne4 Be1 75.Ke2 Bb4 76.Kd3 Kf5
77.Nf2 Nf6 78.Ke2 Bc5 79.Nd3 Be7 80.Ke3 Ne4 81.Nc7 Nxg3 82.Ne8 e4 83.Ng7+ Kg6 84.Nxh5
Kxh5 85.Nf4+ Kh6 0-1

[Event "1. Bundesliga 2014/2015"]
[Site "Feffernitz, St. Veit/Glan, Mayrhofen"]
[Date "2015.03.21"]
[Round "11"]
[Board "4"]
[White "Shengelia, David"]
[Black "Volkmann, Friedrich Karl"]
[Result "1-0"]
[WhiteElo "2560"]
[BlackElo "2445"]
[PlyCount "67"]
[EventDate "2014.11.20"]
[EventType "team"]
[EventRounds "11"]
[EventCountry "AUT"]
[WhiteTeam "Sparkasse Jenbach"]
[BlackTeam "ASVOE Wulkaprodersdorf"]

1.d4 Nf6 2.c4 c6 3.Nf3 d5 4.e3 Bf5 5.Nc3 e6 6.Nh4 Bg4 7.Qb3 Qb6 8.h3 Bh5 9.g4 Bg6
10.Nxg6 hxg6 11.Bg2 Qa6 12.cxd5 cxd5 13.g5 Nfd7 14.e4 dxe4 15.Bxe4 Nc6 16.Be3 Bb4
17.h4 Rc8 18.Rc1 Ba5 19.a3 e5 20.d5 Nd4 21.Qd1 Nc5 22.Bb1 Ncb3 23.Bxd4 Nxc1 24.Bxe5
O-O 25.Qxc1 Rfe8 26.f4 f6 27.gxf6 gxf6 28.Rg1 g5 29.Qc2 Kf8 30.Rxg5 Rxc3 31.bxc3 fxg5
32.Qf5+ Ke7 33.Qxg5+ Kd7 34.Bf5+ 1-0

[Event "1. Bundesliga 2014/2015"]
[Site "Feffernitz, St. Veit/Glan, Mayrhofen"]
[Date "2015.03.21"]
[Round "11"]
[Board "5"]
[White "Wallner, Joachim"]
[Black "Boensch, Uwe"]
[Result "0-1"]
[WhiteElo "2331"]
[BlackElo "2541"]
[PlyCount "82"]
[EventDate "2014.11.20"]
[EventType "team"]
[EventRounds "11"]
[EventCountry "AUT"]
[WhiteTeam "ASVOE Wulkaprodersdorf"]
[BlackTeam "Sparkasse Jenbach"]

1.Nf3 d5 2.g3 c5 3.Bg2 Nc6 4.d4 e6 5.O-O Nf6 6.c4 dxc4 7.Qa4 Bd7 8.Qxc4 b5 9.Qd3 c4
10.Qd1 Rc8 11.Bg5 Be7 12.Nc3 a6 13.Qc2 h6 14.Bxf6 Bxf6 15.Rad1 O-O 16.Ne4 Be7 17.Ne5
Be8 18.e3 Qc7 19.Nxc6 Bxc6 20.f4 Qa5 21.g4 b4 22.Rc1 Qxa2 23.Qxc4 Qxc4 24.Rxc4 Bb5
25.Rxc8 Rxc8 26.Ra1 Rc2 27.Bf1 Rxb2 28.Bxb5 axb5 29.Ra8+ Kh7 30.Rb8 Re2 31.Rxb5 Rxe3
32.Nc5 Rf3 33.Rxb4 Rxf4 34.Rb7 Rxg4+ 35.Kf2 Rf4+ 36.Ke3 Bg5 37.Kd3 Kg6 38.Nd7 Bf6
39.Nf8+ Kf5 40.Rxf7 Rxd4+ 41.Ke3 Rh4 0-1

[Event "1. Bundesliga 2014/2015"]
[Site "Feffernitz, St. Veit/Glan, Mayrhofen"]
[Date "2015.03.21"]
[Round "11"]
[Board "6"]
[White "Lehner, Oliver"]
[Black "Mesaros, Florian"]
[Result "1/2-1/2"]
[WhiteElo "2425"]
[BlackElo "2355"]
[PlyCount "120"]
[EventDate "2014.11.20"]
[EventType "team"]
[EventRounds "11"]
[EventCountry "AUT"]
[WhiteTeam "Sparkasse Jenbach"]
[BlackTeam "ASVOE Wulkaprodersdorf"]

1.e4 c5 2.Nf3 e6 3.b3 b6 4.Bb2 Bb7 5.Qe2 d6 6.d4 cxd4 7.Nxd4 Nf6 8.Nd2 Nbd7 9.g3 a6
10.c4 Be7 11.Bg2 O-O 12.O-O Qc7 13.Rfe1 Rac8 14.a4 Qb8 15.Ba3 Nc5 16.Bb2 Ncd7 17.h3
Bd8 18.b4 Bc7 19.b5 Nc5 20.f4 e5 21.bxa6 Nxa6 22.Nb5 Nc5 23.f5 Bc6 24.g4 Qb7 25.g5
Ne8 26.Ra3 Ra8 27.Rea1 g6 28.f6 Bb8 29.h4 Ne6 30.Bf3 Nf4 31.Qf1 h5 32.Bc1 Ne6 33.Bb2
Nf4 34.Kh2 Qd7 35.Nb1 Nc7 36.N1c3 Rc8 37.Bc1 Nfe6 38.Nd5 Bxd5 39.exd5 Nc5 40.Bg2 Nxb5
41.axb5 Rxa3 42.Rxa3 Qg4 43.Bh3 Qxh4 44.Qe2 Re8 45.Kg2 Qd4 46.Be3 Qe4+ 47.Kg1 Qb1+
48.Bf1 Qf5 49.Qf2 Qg4+ 50.Qg2 Qd1 51.Qe2 Qb1 52.Qa2 Qe4 53.Qg2 Qf5 54.Qf2 Kh7 55.Ra8
Qe4 56.Ra3 Qg4+ 57.Qg2 Qd1 58.Qe2 Qb1 59.Qa2 Qf5 60.Qf2 Qg4+ 1/2-1/2

[Event "1. Bundesliga 2014/2015"]
[Site "Feffernitz, St. Veit/Glan, Mayrhofen"]
[Date "2015.03.21"]
[Round "11"]
[Board "1"]
[White "Bromberger, Stefan"]
[Black "Luther, Thomas"]
[Result "1-0"]
[WhiteElo "2544"]
[BlackElo "2570"]
[PlyCount "119"]
[EventDate "2014.11.20"]
[EventType "team"]
[EventRounds "11"]
[EventCountry "AUT"]
[WhiteTeam "SIR Royal Salzburg"]
[BlackTeam "SK Absam"]

1.e4 e6 2.d4 d5 3.Nc3 Nf6 4.e5 Nfd7 5.f4 c5 6.Nf3 Nc6 7.Be3 cxd4 8.Nxd4 Bc5 9.Qd2
Nxd4 10.Bxd4 Bxd4 11.Qxd4 Qb6 12.Qd2 Nc5 13.O-O-O Bd7 14.Qd4 Rc8 15.Kb1 Rc7 16.h4
Kd8 17.h5 Kc8 18.a3 Rd8 19.Qb4 Na4 20.Nxa4 Qxb4 21.axb4 Bxa4 22.Bd3 h6 23.b5 Rc5 24.b4
Rc3 25.Kb2 d4 26.Ra1 Bb3 27.Rxa7 Bc4 28.Be4 Bd5 29.Ra8+ Kd7 30.Rxd8+ Kxd8 31.Rd1 Rc4
32.Bd3 Rc3 33.Bf1 Rg3 34.Rxd4 Kc7 35.Rd2 b6 36.Rd3 Rxd3 37.cxd3 f6 38.exf6 gxf6 39.g4
Kd7 40.g5 Ke7 41.gxh6 Kf7 42.Kc3 Kg8 43.Kd4 Ba2 44.Bg2 Kh7 45.Bf3 Bb3 46.Ke3 Kxh6
47.d4 Bc2 48.d5 exd5 49.Kd4 Bb3 50.Bxd5 Bd1 51.Bf7 Kg7 52.Be8 Bb3 53.Ke4 Be6 54.Bg6
Kh6 55.Bf5 Bg8 56.Bd7 Kg7 57.Kf5 Bc4 58.h6+ Kf7 59.Be8+ Kxe8 60.Kxf6 1-0

[Event "1. Bundesliga 2014/2015"]
[Site "Feffernitz, St. Veit/Glan, Mayrhofen"]
[Date "2015.03.21"]
[Round "11"]
[Board "2"]
[White "Dizdar, Goran"]
[Black "Mons, Leon"]
[Result "1/2-1/2"]
[WhiteElo "2500"]
[BlackElo "2446"]
[PlyCount "61"]
[EventDate "2014.11.20"]
[EventType "team"]
[EventRounds "11"]
[EventCountry "AUT"]
[WhiteTeam "SK Absam"]
[BlackTeam "SIR Royal Salzburg"]

1.d4 d5 2.c4 e6 3.Nf3 Nf6 4.e3 b6 5.Nc3 Bb7 6.b3 Bd6 7.Bd3 O-O 8.O-O Nbd7 9.Bb2 a6
10.Rc1 Qe7 11.Qc2 dxc4 12.bxc4 Bxf3 13.gxf3 c5 14.Ne2 Rac8 15.Ng3 cxd4 16.exd4 Ba3
17.Rfe1 Bxb2 18.Qxb2 Qd6 19.Red1 Qf4 20.Qa3 g6 21.Be2 Rfd8 22.Qe3 Qc7 23.Kg2 Nb8 24.Ne4
Nxe4 25.fxe4 e5 26.d5 Qd6 27.Qh6 Nd7 28.Bg4 Rc7 29.Bxd7 Qxd7 30.Qg5 Rdc8 31.Qxe5 1/2-1/2

[Event "1. Bundesliga 2014/2015"]
[Site "Feffernitz, St. Veit/Glan, Mayrhofen"]
[Date "2015.03.21"]
[Round "11"]
[Board "3"]
[White "Seyb, Alexander"]
[Black "Rotstein, Arkadij"]
[Result "1/2-1/2"]
[WhiteElo "2427"]
[BlackElo "2500"]
[PlyCount "61"]
[EventDate "2014.11.20"]
[EventType "team"]
[EventRounds "11"]
[EventCountry "AUT"]
[WhiteTeam "SIR Royal Salzburg"]
[BlackTeam "SK Absam"]

1.e4 c5 2.Nf3 e6 3.d4 cxd4 4.Nxd4 a6 5.Bd3 Nf6 6.O-O Qc7 7.Qe2 d6 8.c4 g6 9.Nc3 Bg7
10.Rd1 O-O 11.Nf3 Nc6 12.Bc2 Nd7 13.Bf4 Nce5 14.Nxe5 Nxe5 15.Rac1 Qxc4 16.Qxc4 Nxc4
17.Bb3 Ne5 18.Rxd6 b5 19.Rcd1 a5 20.Nxb5 a4 21.Bc2 Nc4 22.Rd8 Nxb2 23.Rxf8+ Bxf8 24.Nc7
Nxd1 25.Nxa8 Nc3 26.Be5 Nxa2 27.Nb6 Nb4 28.Bxa4 Bb7 29.Nd7 Nd3 30.Bd4 Bg7 31.Bxg7 1/2-1/2

[Event "1. Bundesliga 2014/2015"]
[Site "Feffernitz, St. Veit/Glan, Mayrhofen"]
[Date "2015.03.21"]
[Round "11"]
[Board "4"]
[White "Wegerle, Joerg"]
[Black "Pitl, Gregory"]
[Result "0-1"]
[WhiteElo "2434"]
[BlackElo "2387"]
[PlyCount "68"]
[EventDate "2014.11.20"]
[EventType "team"]
[EventRounds "11"]
[EventCountry "AUT"]
[WhiteTeam "SK Absam"]
[BlackTeam "SIR Royal Salzburg"]

1.e4 c5 2.Nc3 Nc6 3.Bb5 Nd4 4.Bc4 e6 5.Nge2 Nf6 6.O-O a6 7.d3 b5 8.Bb3 Nxb3 9.axb3
Bb7 10.f4 d5 11.e5 d4 12.exf6 dxc3 13.f5 Qxf6 14.fxe6 cxb2 15.Bxb2 Qxb2 16.exf7+ Kd7
17.c3 Bd5 18.Rb1 Bxb3 19.Qe1 Qc2 20.Nf4 Bxf7 21.Qe4 Ra7 22.Nd5 Kd6 23.Ne3 Qxc3 24.d4
Bg6 25.dxc5+ Qxc5 26.Qf4+ Kc6 27.Rfc1 Bxb1 28.Qf3+ Kb6 29.Rxc5 Bxc5 30.Kh1 Rd7 31.Nd5+
Ka7 32.h4 Rf8 33.Qb3 Be4 34.Nc3 Rd3 0-1

[Event "1. Bundesliga 2014/2015"]
[Site "Feffernitz, St. Veit/Glan, Mayrhofen"]
[Date "2015.03.21"]
[Round "11"]
[Board "5"]
[White "Lammers, Markus"]
[Black "Deglmann, Ludwig"]
[Result "1-0"]
[WhiteElo "2326"]
[BlackElo "2374"]
[PlyCount "73"]
[EventDate "2014.11.20"]
[EventType "team"]
[EventRounds "11"]
[EventCountry "AUT"]
[WhiteTeam "SIR Royal Salzburg"]
[BlackTeam "SK Absam"]

1.d4 f5 2.c4 Nf6 3.g3 g6 4.Bg2 Bg7 5.Nf3 O-O 6.O-O d6 7.Nc3 Qe8 8.d5 Na6 9.Rb1 Nc5
10.b4 Nce4 11.Bb2 c5 12.dxc6 bxc6 13.Nxe4 fxe4 14.Nd4 Rb8 15.b5 cxb5 16.cxb5 Bd7 17.a4
a6 18.bxa6 Bxa4 19.Qd2 e5 20.Nc2 Bxc2 21.Qxc2 Qb5 22.a7 Rbc8 23.Qd2 Qd7 24.Rfd1 Qxa7
25.Qxd6 Rc2 26.Bxe5 Rxe2 27.Bd4 Qf7 28.Bh3 Ne8 29.Qa6 Ra2 30.Qc6 Nc7 31.Bb6 Rxf2 32.Qxc7
Qxc7 33.Bxc7 Rc2 34.Bf4 Re8 35.Rbc1 Rb2 36.Bd7 Rf8 37.Rc7 1-0

[Event "1. Bundesliga 2014/2015"]
[Site "Feffernitz, St. Veit/Glan, Mayrhofen"]
[Date "2015.03.21"]
[Round "11"]
[Board "6"]
[White "Gerhold, Michael"]
[Black "Durakovic, Alman"]
[Result "1/2-1/2"]
[WhiteElo "2217"]
[BlackElo "2314"]
[PlyCount "72"]
[EventDate "2014.11.20"]
[EventType "team"]
[EventRounds "11"]
[EventCountry "AUT"]
[WhiteTeam "SK Absam"]
[BlackTeam "SIR Royal Salzburg"]

1.Nf3 c5 2.c4 Nf6 3.Nc3 g6 4.d4 cxd4 5.Nxd4 Bg7 6.e4 d6 7.Be2 Nc6 8.Be3 Nxd4 9.Bxd4
O-O 10.O-O Bd7 11.Qd2 Bc6 12.f3 a5 13.b3 Nd7 14.Be3 Nc5 15.Rab1 Qb6 16.Rfc1 Rfc8 17.Rc2
Qd8 18.Bf1 Be5 19.Ne2 Qf8 20.Rd1 f5 21.exf5 Qxf5 22.Bd4 Rf8 23.Bxe5 dxe5 24.Ng3 Qf4
25.Qc3 h5 26.Re2 h4 27.Rxe5 hxg3 28.Rxc5 gxh2+ 29.Kh1 Qg3 30.Qe1 Rxf3 31.Qxg3 Rxg3
32.Kxh2 Rg4 33.Re5 Kf7 34.Kh3 Re4 35.Rxe4 Bxe4 36.Kg3 Bf5 1/2-1/2

[Event "1. Bundesliga 2014/2015"]
[Site "Feffernitz, St. Veit/Glan, Mayrhofen"]
[Date "2015.03.21"]
[Round "11"]
[Board "1"]
[White "Vitouch, Anatol"]
[Black "Bosiocic, Marin"]
[Result "0-1"]
[WhiteElo "2336"]
[BlackElo "2556"]
[PlyCount "162"]
[EventDate "2014.11.20"]
[EventType "team"]
[EventRounds "11"]
[EventCountry "AUT"]
[WhiteTeam "ASVOE Pamhagen"]
[BlackTeam "SV Jacques Lemans St. Veit"]

1.g3 d5 2.Nf3 Bg4 3.Bg2 Nd7 4.c4 e6 5.cxd5 exd5 6.O-O Ngf6 7.Nc3 c6 8.d3 Bc5 9.Qb3
Nb6 10.e4 O-O 11.h3 Bh5 12.g4 dxe4 13.dxe4 Bg6 14.Ne5 Nfd7 15.Nxg6 hxg6 16.Bf4 Qf6
17.Bg3 Ne5 18.Kh1 g5 19.f4 gxf4 20.Bxf4 g6 21.Ne2 Qe7 22.Rad1 Rae8 23.Nd4 Rd8 24.Nf3
Rxd1 25.Rxd1 Nbc4 26.Nxe5 Nxe5 27.Qc3 Re8 28.Bxe5 Qxe5 29.Qxe5 Rxe5 30.Rd8+ Kg7 31.Rd7
b5 32.Bf3 Bb6 33.Kg2 Rc5 34.Kg3 Rc2 35.e5 Kf8 36.b3 g5 37.Be4 Rc5 38.a4 b4 39.Rd3
Bc7 40.Kf3 Bxe5 41.Bf5 a5 42.Ke4 Bf6 43.Bc8 Rc1 44.Ba6 Ke7 45.Bc4 Bc3 46.Kf5 f6 47.Ke4
Rh1 48.Bg8 Be5 49.Bc4 Rh2 50.Bg8 Bd6 51.Bc4 Kd7 52.Rf3 Be5 53.Rd3+ Kc7 54.Bf7 Kb6
55.Bc4 Kc5 56.Bf7 Rh1 57.Bc4 Bd4 58.Bg8 Re1+ 59.Kf3 Rf1+ 60.Kg2 Rf4 61.Bh7 Rf2+ 62.Kg3
Re2 63.Bg8 Re4 64.Bh7 Re8 65.Bg6 Re7 66.h4 gxh4+ 67.Kxh4 Kd5 68.Rf3 Rg7 69.Bd3 Be5
70.Rf5 Kd4 71.Bc4 Ke4 72.Be6 Re7 73.Bc4 Rd7 74.Kh5 c5 75.Kg6 Rd4 76.Be6 c4 77.bxc4
b3 78.Bd5+ Rxd5 79.cxd5 Kxd5 80.Kf7 b2 81.Rf1 Bc3 0-1

[Event "1. Bundesliga 2014/2015"]
[Site "Feffernitz, St. Veit/Glan, Mayrhofen"]
[Date "2015.03.21"]
[Round "11"]
[Board "2"]
[White "Rogic, Davor"]
[Black "Kuthan, Andreas"]
[Result "1-0"]
[WhiteElo "2547"]
[BlackElo "2240"]
[PlyCount "83"]
[EventDate "2014.11.20"]
[EventType "team"]
[EventRounds "11"]
[EventCountry "AUT"]
[WhiteTeam "SV Jacques Lemans St. Veit"]
[BlackTeam "ASVOE Pamhagen"]

1.d4 Nf6 2.g3 d5 3.Bg2 c6 4.Nf3 Bf5 5.Nh4 Bg6 6.O-O e6 7.Nd2 Bh5 8.h3 Bd6 9.Qe1 Nbd7
10.f4 Be7 11.Nhf3 O-O 12.Ne5 Nxe5 13.dxe5 Ne4 14.Nxe4 dxe4 15.Be3 Qd5 16.b3 Bc5 17.Qf2
Bxe3 18.Qxe3 Rfd8 19.Bxe4 Qd2 20.Qxd2 Rxd2 21.Bd3 Bg6 22.Rfd1 Rxd1+ 23.Rxd1 Rd8 24.Kf2
Kf8 25.Rg1 Rd4 26.e4 f6 27.exf6 gxf6 28.Ke3 Rd8 29.g4 e5 30.a4 a5 31.h4 h6 32.fxe5
fxe5 33.h5 Bh7 34.g5 hxg5 35.Rxg5 Re8 36.Bc4 Re7 37.h6 Re8 38.Bf7 Re7 39.Bg6 Kg8 40.Kf3
Bxg6 41.Rxg6+ Kh7 42.Rd6 1-0

[Event "1. Bundesliga 2014/2015"]
[Site "Feffernitz, St. Veit/Glan, Mayrhofen"]
[Date "2015.03.21"]
[Round "11"]
[Board "3"]
[White "Prinzjakowitsch, Bernhard"]
[Black "Hoelzl, Franz"]
[Result "1-0"]
[WhiteElo "2178"]
[BlackElo "2333"]
[PlyCount "99"]
[EventDate "2014.11.20"]
[EventType "team"]
[EventRounds "11"]
[EventCountry "AUT"]
[WhiteTeam "ASVOE Pamhagen"]
[BlackTeam "SV Jacques Lemans St. Veit"]

1.e4 c5 2.Nf3 d6 3.d4 cxd4 4.Nxd4 Nf6 5.Nc3 Nc6 6.Bg5 Qa5 7.Bxf6 gxf6 8.Qd2 Bd7 9.f4
a6 10.Be2 Rc8 11.Nb3 Qd8 12.O-O-O h5 13.Kb1 Bg7 14.Qe3 Na5 15.Rd5 Nxb3 16.axb3 h4
17.Rh5 Rxh5 18.Bxh5 Qa5 19.f5 Qe5 20.Qf2 Rxc3 21.bxc3 Qxe4 22.Re1 Qxf5 23.Qxf5 Bxf5
24.Bf3 b6 25.Bb7 a5 26.Bc6+ Kd8 27.Rf1 Be6 28.Rf4 h3 29.g3 Bh6 30.Rh4 Be3 31.g4 Kc7
32.Rxh3 Bd2 33.Be8 Bxg4 34.Rh7 Bxc3 35.Rxf7 Kd8 36.Rf8 Kc7 37.h4 f5 38.h5 Bg7 39.Rg8
Bh6 40.Rh8 Be3 41.h6 f4 42.Rg8 Bf5 43.Rf8 Be4 44.Bb5 f3 45.Rf7 d5 46.h7 Bd4 47.Bd3
Kd6 48.Rf8 f2 49.Bxe4 dxe4 50.Rxf2 1-0

[Event "1. Bundesliga 2014/2015"]
[Site "Feffernitz, St. Veit/Glan, Mayrhofen"]
[Date "2015.03.21"]
[Round "11"]
[Board "4"]
[White "Hebesberger, Thomas"]
[Black "Rusek, Walter"]
[Result "1-0"]
[WhiteElo "2338"]
[BlackElo "1811"]
[PlyCount "39"]
[EventDate "2014.11.20"]
[EventType "team"]
[EventRounds "11"]
[EventCountry "AUT"]
[WhiteTeam "SV Jacques Lemans St. Veit"]
[BlackTeam "ASVOE Pamhagen"]

1.c4 c6 2.e4 d5 3.exd5 cxd5 4.cxd5 Nf6 5.Nc3 Nxd5 6.d4 e6 7.Nf3 Be7 8.Bd3 O-O 9.O-O
b6 10.Nxd5 exd5 11.Ne5 f6 12.Qh5 f5 13.Re1 Bd7 14.Qf3 Be8 15.Bxf5 Nc6 16.Nxc6 Bxc6
17.Qh5 g6 18.Bxg6 hxg6 19.Qxg6+ Kh8 20.Re5 1-0

[Event "1. Bundesliga 2014/2015"]
[Site "Feffernitz, St. Veit/Glan, Mayrhofen"]
[Date "2015.03.21"]
[Round "11"]
[Board "1"]
[White "Lenic, Luka"]
[Black "Kozul, Zdenko"]
[Result "1/2-1/2"]
[WhiteElo "2648"]
[BlackElo "2630"]
[PlyCount "109"]
[EventDate "2014.11.20"]
[EventType "team"]
[EventRounds "11"]
[EventCountry "AUT"]
[WhiteTeam "SV Raika Rapid Feffernitz"]
[BlackTeam "SV Wolfsberg"]

1.d4 Nf6 2.Bg5 Ne4 3.Bf4 d5 4.e3 c6 5.Bd3 Nd6 6.Nf3 Bg4 7.Nbd2 e6 8.O-O Nd7 9.c4 dxc4
10.Nxc4 Nxc4 11.Bxc4 Nb6 12.Be2 Bxf3 13.Bxf3 Bd6 14.Bxd6 Qxd6 15.Qb3 Qc7 16.Qc3 O-O
17.b4 Qd7 18.Rfc1 a6 19.a4 Nc8 20.Qe1 Nd6 21.Rc5 g6 22.Qc3 Qd8 23.Rb1 Re8 24.g3 Re7
25.h4 Rd7 26.Kg2 Qf6 27.Rh1 h6 28.Qc2 Rad8 29.Re5 Qe7 30.Rb1 Qf6 31.Be2 Kg7 32.Rc5
Re7 33.Re5 Rc8 34.Bd3 Ree8 35.Qe2 Red8 36.Rc1 Re8 37.Qb2 Red8 38.Rec5 Ra8 39.Rh1 Nc8
40.Rhc1 Nb6 41.Qb3 Qe7 42.Be2 h5 43.Bf3 Nd7 44.R5c3 e5 45.b5 axb5 46.axb5 exd4 47.exd4
Rab8 48.bxc6 bxc6 49.Qa4 Nf6 50.Rxc6 Rb4 51.Qa3 Rdxd4 52.Rc7 Qe6 53.R1c6 Qb3 54.Qxb3
Rxb3 55.Rc3 1/2-1/2

[Event "1. Bundesliga 2014/2015"]
[Site "Feffernitz, St. Veit/Glan, Mayrhofen"]
[Date "2015.03.21"]
[Round "11"]
[Board "2"]
[White "Stevic, Hrvoje"]
[Black "Schreiner, Peter"]
[Result "1/2-1/2"]
[WhiteElo "2594"]
[BlackElo "2435"]
[PlyCount "66"]
[EventDate "2014.11.20"]
[EventType "team"]
[EventRounds "11"]
[EventCountry "AUT"]
[WhiteTeam "SV Wolfsberg"]
[BlackTeam "SV Raika Rapid Feffernitz"]

1.e4 c5 2.Nf3 d6 3.Bb5+ Nd7 4.d4 Ngf6 5.Nc3 cxd4 6.Qxd4 e5 7.Qd3 h6 8.Be3 Be7 9.Bc4
O-O 10.O-O a6 11.a4 Qc7 12.Rfd1 Nc5 13.Bxc5 Qxc5 14.Nd5 Nxd5 15.Bxd5 Rb8 16.h3 Kh8
17.Qb3 f5 18.Rd3 fxe4 19.Bxe4 Rf6 20.Rc3 Qa5 21.Rd1 Be6 22.Bd5 Bd7 23.Rc4 b5 24.Rb4
Rbf8 25.axb5 axb5 26.c3 Bd8 27.Qc2 Bb6 28.Rh4 Qa7 29.Rd2 Bd8 30.Rb4 Ba5 31.Rh4 Bd8
32.Rb4 Ba5 33.Rh4 Bd8 1/2-1/2

[Event "1. Bundesliga 2014/2015"]
[Site "Feffernitz, St. Veit/Glan, Mayrhofen"]
[Date "2015.03.21"]
[Round "11"]
[Board "3"]
[White "Diermair, Andreas"]
[Black "Jovanovic, Zoran"]
[Result "1-0"]
[WhiteElo "2463"]
[BlackElo "2530"]
[PlyCount "79"]
[EventDate "2014.11.20"]
[EventType "team"]
[EventRounds "11"]
[EventCountry "AUT"]
[WhiteTeam "SV Raika Rapid Feffernitz"]
[BlackTeam "SV Wolfsberg"]

1.d4 d6 2.Nf3 g6 3.c4 Bg7 4.Nc3 Nf6 5.e4 O-O 6.Be2 e5 7.O-O c6 8.d5 Na6 9.Be3 Ng4
10.Bg5 f6 11.Bh4 c5 12.Ne1 Nh6 13.Nd3 Nb4 14.Nxb4 cxb4 15.Na4 g5 16.Bg3 f5 17.f3 Bd7
18.a3 bxa3 19.Rxa3 f4 20.Bf2 Rf6 21.c5 Rg6 22.h3 Nf7 23.c6 bxc6 24.dxc6 Bxc6 25.Bc4
h5 26.Bd5 Bxd5 27.Qxd5 Rc8 28.Nc3 Rc7 29.Rfa1 g4 30.Rxa7 Rxa7 31.Rxa7 Kh7 32.Qxf7
gxf3 33.Qf5 Kh6 34.g4 hxg4 35.hxg4 Rg5 36.Qd7 Qb8 37.Rb7 Qa8 38.Bh4 Rg6 39.Bf6 Qxb7
40.g5+ 1-0

[Event "1. Bundesliga 2014/2015"]
[Site "Feffernitz, St. Veit/Glan, Mayrhofen"]
[Date "2015.03.21"]
[Round "11"]
[Board "5"]
[White "Novak, Pavel"]
[Black "Hresc, Vladimir"]
[Result "1-0"]
[WhiteElo "2331"]
[BlackElo "2400"]
[PlyCount "117"]
[EventDate "2014.11.20"]
[EventType "team"]
[EventRounds "11"]
[EventCountry "AUT"]
[WhiteTeam "SV Raika Rapid Feffernitz"]
[BlackTeam "SV Wolfsberg"]

1.e4 e5 2.Bc4 Nf6 3.d4 exd4 4.Nf3 Nc6 5.O-O Nxe4 6.Re1 d5 7.Bxd5 Qxd5 8.Nc3 Qh5 9.Nxe4
Be6 10.Bg5 h6 11.Bf6 Qd5 12.Qd2 Rg8 13.Qf4 Bd6 14.Nxd6+ Qxd6 15.Qxd6 cxd6 16.Bxd4
Kd7 17.Rad1 Kc7 18.Bc3 Bg4 19.Rd3 Bf5 20.Rd2 f6 21.Nd4 Nxd4 22.Bxd4 Rge8 23.Be3 Re6
24.h3 Kc6 25.c4 b6 26.Red1 g5 27.b4 Rc8 28.a4 Kb7 29.Rxd6 Rxc4 30.Rd7+ Rc7 31.R7d6
h5 32.b5 g4 33.hxg4 Bxg4 34.Rxe6 Bxe6 35.Rd6 Re7 36.a5 bxa5 37.Ra6 Kb8 38.Bc5 Re8
39.Rxa7 Bd5 40.b6 Rg8 41.Bd6+ Kc8 42.Rc7+ Kd8 43.b7 Rxg2+ 44.Kf1 Bxb7 45.Rxb7 Rg5
46.Ra7 Kc8 47.Rf7 Rd5 48.Rxf6 Kd7 49.Bf4 a4 50.Ra6 Rd4 51.Be5 Re4 52.f4 Re3 53.Rxa4
Ke6 54.Kf2 Rb3 55.Ra8 Kf5 56.Rg8 h4 57.Kg2 Ra3 58.Rg5+ Ke4 59.Rg4 1-0